| 000 | 01206cam a22003617a 4500 | ||
|---|---|---|---|
| 001 | 29622 | ||
| 005 | 20230410115752.0 | ||
| 008 | 970305s1997 sp a b 000 0 spa d | ||
| 035 | _a11855993 | ||
| 925 | 0 |
_aacquire _b1 shelf copy _xpolicy default |
|
| 942 |
_2lcc _cbk |
||
| 010 | _a99526250 | ||
| 020 | _a8474326125 (pbk.) | ||
| 020 | _a8474326184 | ||
| 020 | _a8474326125 | ||
| 035 | _a(OCoLC)ocm36512316 | ||
| 040 |
_aPL# _cPL# _dOCL _dEMU _dDLC |
||
| 042 | _alccopycat | ||
| 050 | 1 | 4 |
_aHM 110 _bT781c 1997 |
| 082 | 0 | 0 |
_a306.4 _221 |
| 100 | 1 | _aTraversa, Oscar. | |
| 245 | 1 | 0 |
_aCuerpos de papel : _bfiguraciones del cuerpo en la prensa, 1918-1940 / _cpor Oscar Traversa. |
| 250 | _a1. ed. | ||
| 260 |
_aBarcelona : _bGedisa, _c1997. |
||
| 300 |
_a284 p. : _bill. ; _c23 cm. |
||
| 440 | 0 |
_aColección El mamÃfero parlante. _pSerie mayor |
|
| 504 | _aIncludes bibliographical references (p. 277-284). | ||
| 650 | 0 |
_aBody, Human _xSocial aspects _xHistory _y20th century. |
|
| 650 | 0 |
_aBody image _xSocial aspects _xHistory _y20th century. |
|
| 650 | 0 |
_aAdvertising _xSocial aspects _xHistory _y20th century. |
|
| 650 | 0 |
_aHygiene _xSocial aspects _xHistory _y20th century. |
|
| 985 | _eVENDOR LOAD | ||
| 999 |
_c47627 _d47627 |
||